| 000 | 00629nam a2200205Ia 4500 | ||
|---|---|---|---|
| 005 | 20260415173412.0 | ||
| 008 | 008 250505s9999 xx 000 0 eng d | ||
| 020 | _a978-1-5296-1197-7 | ||
| 037 | _aTextual | ||
| 040 |
_aFEDL _beng _cFEDL |
||
| 041 |
_aeng _2eng |
||
| 084 |
_a305.8 SUN _qFEDL |
||
| 100 |
_aSunandan K N _9726595 |
||
| 245 | 0 | _aCaste, knowledge and power: Way of knowing in twentieth- century Malabar | |
| 260 |
_aNew Delhi, India _bCambridge University Press _c2022 |
||
| 300 | _axii, 229p. | ||
| 365 |
_aINR _b1195 |
||
| 942 |
_cTEXL _h305.8 SUN |
||
| 999 |
_c1400047 _d1400047 |
||